Statystyki dla Stolice państw

Kliknij tutaj aby rozwiązać quiz!

Ogólne statystyki

  • Ten quiz został rozwiązany 48 razy
  • Średni wynik to 17 z 21

Statystyki odpowiedzi

KrajStolica% Poprawnych
PolskaWarszawa
100%
NiemcyBerlin
98%
HiszpaniaMadryt
98%
FrancjaParyż
98%
CzechyPraga
98%
BelgiaBruksela
96%
GrecjaAteny
93%
RosjaMoskwa
93%
WłochyRzym
91%
Stany ZjednoczoneWaszyngton
89%
SzwecjaSztokholm
87%
JaponiaTokio
87%
ChinyPekin
85%
LitwaWilno
85%
BiałoruśMińsk
83%
ChorwacjaZagrzeb
83%
KanadaOttawa
76%
SerbiaBelgrad
61%
AlbaniaTirana
57%
Trynidad i TobagoPort of Spain
15%
BydgoszczZaniża
0%

Rozkład punktacji

Percentyl według liczby udzielonych odpowiedzi

Procent ludzi z każdym wynikiem

Twoja historia wyników

Nie rozwiązałeś tego quizu